Tương lai của gia đình = The futures of the family
Hệ thống sự biến đổi của gia đình, những vấn đề của gia đình đương đại và gia đình trong tương lai.
Bewaard in:
| Hoofdauteur: | |
|---|---|
| Formaat: | Boek |
| Taal: | Undetermined |
| Gepubliceerd in: |
Hà Nội
Nxb. Đại học Quốc gia Hà Nội
2002
|
| Onderwerpen: | |
| Tags: |
Voeg label toe
Geen labels, Wees de eerste die dit record labelt!
|
| Thư viện lưu trữ: | Trung tâm Học liệu Trường Đại học Cần Thơ |
|---|
| LEADER | 00945nam a2200241Ia 4500 | ||
|---|---|---|---|
| 001 | CTU_237443 | ||
| 008 | 210402s9999 xx 000 0 und d | ||
| 020 | |c 35000 | ||
| 082 | |a 306.85 | ||
| 082 | |b J76 | ||
| 100 | |a Jones, Charles L. | ||
| 245 | 0 | |a Tương lai của gia đình = | |
| 245 | 4 | |b The futures of the family | |
| 245 | 0 | |c Charles L. Jones, Lorne Tepperman, Susannah J. Wilson ; Vũ Quang Hà (Biên dịch) ; Trần Thị Kim Xuyến (Hiệu đính) | |
| 260 | |a Hà Nội | ||
| 260 | |b Nxb. Đại học Quốc gia Hà Nội | ||
| 260 | |c 2002 | ||
| 520 | |a Hệ thống sự biến đổi của gia đình, những vấn đề của gia đình đương đại và gia đình trong tương lai. | ||
| 526 | |a Xã hội học gia đình | ||
| 526 | |b XN353 | ||
| 650 | |a Gia đình,Families | ||
| 910 | |b nthai | ||
| 980 | |a Trung tâm Học liệu Trường Đại học Cần Thơ | ||